The 20 European Teams Who Use The Most and The Least U22 Players - Statistics

General Stats
  • This quiz has been taken 21 times
  • The average score is 11 of 40
Answer Stats
Clubs with highest % of minutes for U22 players # Country Team % % Correct
Clubs with highest % of minutes for U22 players 10 The Netherlands AFC Ajax 31,2%
93%
Clubs with highest % of minutes for U22 players 3 The Netherlands Feyenoord 39,8%
71%
Clubs with lowest % of minutes for U22 players 5 England Chelsea 0,5%
57%
Clubs with highest % of minutes for U22 players 5 Croatia Hajduk Split 33,9%
50%
Clubs with lowest % of minutes for U22 players 3 Italy Juventus 0,4%
50%
Clubs with lowest % of minutes for U22 players 12 England Manchester City 1,4%
50%
Clubs with lowest % of minutes for U22 players 19 Italy AS Roma 2,4%
43%
Clubs with lowest % of minutes for U22 players 15 Portugal FC Porto 1,9%
43%
Clubs with lowest % of minutes for U22 players 8 Italy Napoli 0,8%
43%
Clubs with lowest % of minutes for U22 players 11 Turkey Fenerbahce 1,2%
36%
Clubs with lowest % of minutes for U22 players 7 Italy Lazio Roma 0,7%
36%
Clubs with highest % of minutes for U22 players 16 The Netherlands Vitesse 29,0%
36%
Clubs with lowest % of minutes for U22 players 10 Russia Zenit 1,1%
36%
Clubs with lowest % of minutes for U22 players 13 Cyprus APOEL 1,5%
29%
Clubs with highest % of minutes for U22 players 8 Slovenia Olimpija Ljubljana 32,6%
29%
Clubs with lowest % of minutes for U22 players 2 England Stoke City 0,4%
29%
Clubs with lowest % of minutes for U22 players 1 Cyprus AEL Limassol 0,2%
21%
Clubs with lowest % of minutes for U22 players 4 Italy Chievo Verona 0,5%
21%
Clubs with highest % of minutes for U22 players 12 Slovenia Koper 30,5%
21%
Clubs with highest % of minutes for U22 players 19 The Netherlands SC Heerenveen 28,8%
21%
Clubs with highest % of minutes for U22 players 20 Belgium Standard Liège 28,4%
21%
Clubs with highest % of minutes for U22 players 17 Norway Stromsgodset 29,0%
21%
Clubs with lowest % of minutes for U22 players 6 Italy Udinese 0,6%
21%
Clubs with highest % of minutes for U22 players 4 Serbia Vojvodina Novi Sad 34,2%
21%
Clubs with highest % of minutes for U22 players 11 Slovenia Celje 31,0%
14%
Clubs with lowest % of minutes for U22 players 9 Cyprus Ethnikos Achnas 1,0%
14%
Clubs with highest % of minutes for U22 players 15 The Netherlands FC Groningen 29,2%
14%
Clubs with highest % of minutes for U22 players 18 Denmark FC Nordsjaelland 28,9%
14%
Clubs with lowest % of minutes for U22 players 17 Italy Fiorentina 2,1%
14%
Clubs with highest % of minutes for U22 players 13 Slovenia Gorica 30,2%
14%
Clubs with highest % of minutes for U22 players 14 Switzerland Grasshoppers 29,4%
14%
Clubs with highest % of minutes for U22 players 1 Croatia Lokomotiva Zagreb 54,2%
14%
Clubs with lowest % of minutes for U22 players 14 Portugal Marítimo 1,6%
14%
Clubs with highest % of minutes for U22 players 9 Croatia NK Osijek 31,7%
14%
Clubs with highest % of minutes for U22 players 2 Serbia OFK Beograd 43,0%
14%
Clubs with highest % of minutes for U22 players 6 Serbia Rad 33,6%
14%
Clubs with lowest % of minutes for U22 players 18 Turkey Sivasspor 2,1%
14%
Clubs with lowest % of minutes for U22 players 16 Poland Slask Wroclaw 2,0%
14%
Clubs with highest % of minutes for U22 players 7 Serbia Spartak Subotica 32,9%
14%
Clubs with lowest % of minutes for U22 players 20 Russia Terek Grozny 2,6%
14%
No matching quizzes found
Score Distribution
Percent of People with Each Score
Percentile by Number Answered
Your Score History
You have not taken this quiz